[Event "Barcelona Electrica Baleares op 2nd"]
[Site "Barcelona"]
[Date "2019.03.29"]
[Round "3"]
[White "Alquezar Calpena, Marc"]
[Black "Aparicio del Moral, Jesus Omar"]
[Result "0-1"]
[WhiteElo "1666"]
[BlackElo "1932"]
[PlyCount "52"]
[EventDate "2019.03.15"]
[EventType "swiss"]
[EventRounds "9"]
[EventCountry "ESP"]
[SourceTitle "CBM 190 Extra"]
[Source "ChessBase"]
[SourceDate "2019.07.15"]
[SourceVersion "1"]
[SourceVersionDate "2019.07.15"]
[SourceQuality "1"]

1. e4 c6 2. Nc3 d5 3. Nf3 Bg4 4. h3 Bxf3 5. Qxf3 e6 6. exd5 exd5 7. d4 Nf6 8. Bg5 Be7 9. Bd3 0-0 10. 0-0-0 Nbd7 11. g4 b5 12. h4 b4 13. Ne2 a5 14. Qf5 g6 15. Qf3 a4 16. h5 Ne4 17. Bxe7 Qxe7 18. Ng3 Qg5+ 19. Kb1 Nd2+ 20. Rxd2 Qxd2 21. Nf5 Rae8 22. Ne3 b3 23. g5 bxa2+ 24. Kxa2 a3 25. b3 Qc3 26. Nd1 Qxd4 0-1

[Event "Barcelona Gotic op 2nd"]
[Site "Barcelona"]
[Date "2018.06.12"]
[Round "7"]
[White "Aparicio del Moral, Jesus Omar"]
[Black "Perez Garcia, Adria"]
[Result "1/2-1/2"]
[WhiteElo "1827"]
[BlackElo "2137"]
[PlyCount "91"]
[EventDate "2018.04.24"]
[EventType "swiss"]
[EventRounds "8"]
[EventCountry "ESP"]
[SourceTitle "EXT 2019"]
[Source "ChessBase"]
[SourceDate "2018.10.10"]
[SourceVersion "1"]
[SourceVersionDate "2018.10.10"]
[SourceQuality "1"]

1. d4 d5 2. Bf4 Nf6 3. e3 c5 4. c3 Nc6 5. Nd2 Qb6 6. Qb3 c4 7. Qc2 g6 8. e4 e6 9. e5 Nh5 10. Be3 Be7 11. Ngf3 0-0 12. g4 Ng7 13. h4 h5 14. gxh5 Nxh5 15. Be2 Kg7 16. Rg1 Rh8 17. Ng5 Bxg5 18. Bxg5 Qc7 19. Nf1 Kf8 20. Ne3 Ne7 21. 0-0-0 Nf5 22. Ng4 b5 23. Nf6 Nxf6 24. Bxf6 Rh7 25. Rg5 b4 26. Rdg1 bxc3 27. Qxc3 Qb6 28. R5g4 Rb8 29. Rf4 Ba6 30. Bd1 Qb4 31. Bc2 Rh5 32. Bxf5 Rxf5 33. Rxf5 exf5 34. Rg5 Qa4 35. Rg3 Qxa2 36. Qa3+ Qxa3 37. Rxa3 Bc8 38. Rxa7 Be6 39. f4 Kg8 40. Ra3 Kh7 41. Bg5 Kg7 42. Kc2 Bd7 43. Ra7 Bc6 44. Ra3 Bd7 45. Ra7 Bc6 46. Ra3 1/2-1/2

[Event "Barcelona Gotic op 2nd"]
[Site "Barcelona"]
[Date "2018.05.22"]
[Round "4"]
[White "Cano Sevila, Ivan"]
[Black "Aparicio del Moral, Jesus Omar"]
[Result "0-1"]
[WhiteElo "1977"]
[BlackElo "1827"]
[PlyCount "37"]
[EventDate "2018.04.24"]
[EventType "swiss"]
[EventRounds "8"]
[EventCountry "ESP"]
[SourceTitle "EXT 2019"]
[Source "ChessBase"]
[SourceDate "2018.10.10"]
[SourceVersion "1"]
[SourceVersionDate "2018.10.10"]
[SourceQuality "1"]

1. d4 Nf6 2. Bf4 e6 3. e3 d5 4. Nf3 c5 5. c3 Nc6 6. Nbd2 cxd4 7. exd4 Nh5 8. Bg5 f6 9. Bh4 Be7 10. Bb5 g6 11. 0-0 0-0 12. Re1 h6 13. Bd3 Ng7 14. Qe2 g5 15. Bg3 g4 16. Ne5 fxe5 17. dxe5 h5 18. f3 Bc5+ 19. Kh1 0-1

[Event "Barcelona Gotic op 2nd"]
[Site "Barcelona"]
[Date "2018.04.24"]
[Round "1"]
[White "Aparicio del Moral, Jesus Omar"]
[Black "Oms Fuentes, Lluis"]
[Result "0-1"]
[WhiteElo "1827"]
[BlackElo "2317"]
[PlyCount "128"]
[EventDate "2018.04.24"]
[EventType "swiss"]
[EventRounds "8"]
[EventCountry "ESP"]
[SourceTitle "EXT 2019"]
[Source "ChessBase"]
[SourceDate "2018.10.10"]
[SourceVersion "1"]
[SourceVersionDate "2018.10.10"]
[SourceQuality "1"]

1. d4 g6 2. Nf3 Bg7 3. Bf4 d6 4. e3 Nf6 5. h3 c5 6. c3 Qb6 7. Qb3 Qc7 8. Nbd2 0-0 9. Be2 Nbd7 10. 0-0 b6 11. Rac1 Bb7 12. Qc2 Rac8 13. Bh2 Qb8 14. Rfe1 Qa8 15. Qd1 h6 16. Bd3 Ne4 17. Nxe4 Bxe4 18. Bxe4 Qxe4 19. Qa4 Nf6 20. Red1 Qb7 21. Qb3 Rc7 22. a4 Rfc8 23. Ra1 Qa6 24. Nh4 Qe2 25. Re1 Qh5 26. Nf3 Qf5 27. Nd2 Qd3 28. Rad1 Qa6 29. Nb1 Qb7 30. Na3 a6 31. Nc2 Rb8 32. Ra1 Ne4 33. Red1 Rbc8 34. f3 cxd4 35. Nxd4 Nc5 36. Qa2 Nd7 37. Bg3 Ne5 38. Bxe5 Bxe5 39. Qb1 b5 40. axb5 axb5 41. Nc2 Qb6 42. Rd3 Rc4 43. Nb4 e6 44. Ra6 Qc5 45. Qe1 d5 46. Ra1 Qe7 47. Ra5 Qc5 48. Ra1 Bf6 49. Qg3 Kg7 50. Qf2 Qc7 51. Qe1 Bh4 52. Qe2 Be7 53. Rd4 Bxb4 54. cxb4 Qe7 55. b3 Rxb4 56. Qb2 Qf6 57. Qd2 Rxb3 58. Ra7 g5 59. Qa2 Rxe3 60. Rb4 Re1+ 61. Kf2 Rec1 62. Rb2 Qd4+ 63. Kg3 Rh1 64. Rb4 Qxb4 0-1

[Event "Barcelona Primavera La Lira op 10th"]
[Site "Barcelona"]
[Date "2017.05.25"]
[Round "6"]
[White "Aparicio del Moral, Jesus Omar"]
[Black "Palmero Castillo, Marcelino"]
[Result "0-1"]
[WhiteElo "1824"]
[BlackElo "1672"]
[PlyCount "86"]
[EventDate "2017.04.20"]
[EventType "swiss"]
[EventRounds "9"]
[EventCountry "ESP"]
[SourceTitle "EXT 2018"]
[Source "ChessBase"]
[SourceDate "2017.10.13"]
[SourceVersion "1"]
[SourceVersionDate "2017.10.13"]
[SourceQuality "1"]

1. d4 Nf6 2. g3 d5 3. Bg2 Bf5 4. c4 e6 5. Nc3 Be7 6. Qb3 Nc6 7. cxd5 exd5 8. Nf3 0-0 9. Qxb7 Nb4 10. 0-0 a6 11. Bf4 Bd6 12. Ne5 Rb8 13. Qa7 Qc8 14. Nxd5 Nbxd5 15. Nc4 Rb7 16. Qxa6 Bxf4 17. gxf4 Qb8 18. Rac1 Ra7 19. Qc6 Nxf4 20. Bf3 Bd7 21. Qc5 Rxa2 22. Ra1 Rxa1 23. Rxa1 Re8 24. Ra8 Qb3 25. Rxe8+ Bxe8 26. Ne3 Qxb2 27. Qxc7 Ne6 28. Qd6 Qxd4 29. Qb8 Qd8 30. Qb2 Nd4 31. Bg2 h6 32. h3 Bc6 33. Bxc6 Nxc6 34. Qb5 Nd4 35. Qb2 Nh5 36. Ng2 Ne6 37. Qc2 Nhf4 38. e3 Nxg2 39. Kxg2 Ng5 40. Qc5 Qa8+ 41. Kf1 Nxh3 42. Qf5 Ng5 43. f4 Qf3+ 0-1

[Event "Barcelona Primavera La Lira op 10th"]
[Site "Barcelona"]
[Date "2017.05.11"]
[Round "4"]
[White "Aparicio del Moral, Jesus Omar"]
[Black "Perez Pastora, Evaristo"]
[Result "0-1"]
[WhiteElo "1824"]
[BlackElo "2154"]
[PlyCount "72"]
[EventDate "2017.04.20"]
[EventType "swiss"]
[EventRounds "9"]
[EventCountry "ESP"]
[SourceTitle "EXT 2018"]
[Source "ChessBase"]
[SourceDate "2017.10.13"]
[SourceVersion "1"]
[SourceVersionDate "2017.10.13"]
[SourceQuality "1"]

1. d4 Nf6 2. g3 g6 3. Bg2 Bg7 4. e4 d6 5. Ne2 0-0 6. 0-0 Nbd7 7. Nbc3 e5 8. d5 Nb6 9. a4 c5 10. Bg5 h6 11. Bc1 Ne8 12. f4 exf4 13. Bxf4 Nc4 14. Qc1 g5 15. Bd2 Bg4 16. Bf3 Qd7 17. Bxg4 Qxg4 18. b3 Nxd2 19. Qxd2 Nf6 20. e5 dxe5 21. Qe3 Nd7 22. Rad1 f5 23. Nb5 f4 24. Qe4 Nf6 25. Qc4 f3 26. Nc1 e4 27. d6+ Kh8 28. Qxc5 Nh5 29. Kf2 Qh3 30. Ke3 Qxh2 31. Rh1 Qxg3 32. Rxh5 f2+ 33. Kd2 f1Q 34. Rxf1 Rxf1 35. Qe3 Rd1+ 36. Kxd1 Qxe3 0-1

[Event "Barcelona Primavera La Lira op 10th"]
[Site "Barcelona"]
[Date "2017.05.04"]
[Round "3"]
[White "Serentill Tost, Eduard"]
[Black "Aparicio del Moral, Jesus Omar"]
[Result "0-1"]
[WhiteElo "1675"]
[BlackElo "1824"]
[PlyCount "116"]
[EventDate "2017.04.20"]
[EventType "swiss"]
[EventRounds "9"]
[EventCountry "ESP"]
[SourceTitle "EXT 2018"]
[Source "ChessBase"]
[SourceDate "2017.10.13"]
[SourceVersion "1"]
[SourceVersionDate "2017.10.13"]
[SourceQuality "1"]

1. e4 c6 2. d4 d5 3. Nc3 dxe4 4. Nxe4 Bf5 5. Ng3 Bg6 6. h4 h6 7. Nf3 Nf6 8. Bd3 Bxd3 9. Qxd3 e6 10. Bd2 Bd6 11. Ne4 Nxe4 12. Qxe4 Nd7 13. 0-0-0 Nf6 14. Qe2 Qc7 15. c4 0-0 16. c5 Bf4 17. Ne5 Bxe5 18. dxe5 Nd7 19. f4 Rfc8 20. Qc4 b5 21. Qd4 Nf8 22. g4 Ng6 23. h5 Ne7 24. g5 Nf5 25. Qg1 Kh8 26. gxh6 gxh6 27. Qe1 Qe7 28. Qf2 Rg8 29. Rdg1 Rad8 30. Be3 Rd5 31. Rxg8+ Kxg8 32. Rg1+ Kf8 33. Qg2 Qh4 34. Rh1 Qg3 35. Qxg3 Nxg3 36. Rh3 Ne4 37. b4 f5 38. Kc2 Rd7 39. a3 Rg7 40. Bc1 Rg2+ 41. Kb1 Rg3 42. Rh2 Nc3+ 43. Kc2 Nd5 44. Kb2 Rg4 45. Rf2 Rh4 46. Rf3 Rxh5 47. Kb3 Rh1 48. Bd2 h5 49. a4 a6 50. Rg3 h4 51. Rg6 Kf7 52. Rh6 h3 53. axb5 axb5 54. Kc2 Ke7 55. Rh7+ Kf8 56. Kd3 Ra1 57. Ke2 Ra3 58. Rh4 Rb3 0-1